000 02558nam0a2200445 4500
001 RU\NLR\BIBL_A\022735754
005 20260408171851.0
010 _a978-5-93768-068-6
035 _a(NLR Aleph) 022735754
090 _a13633108
_c13633108
100 _a20260225d2023 u y0rusy50 ca
101 0 _arus
102 _aRU
105 _aabchz 010yb
181 0 _ab3
_bxb2e
181 0 _ai2
_baxxe
182 0 _an
200 1 _aАдмирал Литке
_e[альбом]
_fВ. Д. Доценко, М. В. Сильников, Е. И. Якушенко
_gВоенно-морской флот России [и др.]
203 _aИзображение
_aТекст
_bвизуальные
_cнепосредственные
210 _aСанкт-Петербург
_cФонд "Морская слава Отечества"
_d2023
215 _a485 с.
_cил., цв. ил., карты, портр., факс.
_d31
225 1 _aВо славу Российской науки
300 _aНа пер. авт. не указаны
300 _aВ конце кн. авт.: В. Д. Доценко, проф., кап. 1 ранга, М. В. Сильников, чл.-кор. РАН, Е. И. Якушенко, акад. РАН, кап. 1 ранга
300 _aПосвящается 300-летию Рос. акад. наук
316 _aЭкз. РНБ (2026-9/96): экслибрис на 1-й с.: Личная библиотека Павлова Владислава Валериевича
_5NLR: 2026-9/96
320 _aТр. Ф. П. Литке: с. 479–480
320 _aПубл. об адмирале Ф. П. Литке: с. 481–485
600 1 _aЛитке
_bФ. П.
_gФедор Петрович
_f1792 - 1882
_jАльбомы
_3RU\NLR\AUTH\66654952
_91509193
686 1 _aЦ66,8(2)0-243.1дЛитке.я61
686 1 _aД8д(2)Литке.я61
700 1 _8rus
_7ca
_aДоценко
_bВ. Д.
_gВиталий Дмитриевич
_f1948-
_3RU\NLR\AUTH\773837
_9113828
701 1 _aСильников
_bМ. В.
_f1961-
_gМихаил Владимирович
701 1 _aЯкушенко
_bЕ. И.
_gЕвгений Иванович
702 1 _4280
_8rus
_7ca
_aЛитке
_bФ. П.
_f1797-1882
_gФедор Петрович
_3RU\NLR\AUTH\7770221
_953149
702 1 _4390
_7ca
_8rus
_aПавлов
_bВ. В.
_cвоен. деятель
_f1970-
_gВладислав Валериевич
_3RU\NLR\AUTH\770290524
_92699010
942 _cUNSPEC
980 _aNB